000 00354nam a2200157Ia 4500
001 13091
005 20250626030817.0
008 211022s9999 xx 000 0 und d
082 _a297 KHA
100 _aKhan, Abdul Waheed
245 0 _aInter-faith essays and other articles
260 _aIslamabad
260 _c2011
300 _a151
942 _cBK
999 _c12402
_d12402